Введение в логику для студентов ВУЗов: учебное пособие для вузов

Dettagli Bibliografici
Autore principale: Чжанг Хонг
Riassunto:Книга на китайском языке
Lingua:cinese
Pubblicazione: Пекин, Национальное издательство, 2003
Soggetti:
Natura: MixedMaterials Libro
KOHA link:https://koha.lib.tpu.ru/cgi-bin/koha/opac-detail.pl?biblionumber=192971

MARC

LEADER 00000nam0a2200000 4500
001 192971
005 20231101224443.0
010 |a 7010040087 
035 |a (RuTPU)RU\TPU\book\210401 
090 |a 192971 
100 |a 20110311d2003 m y0rusy50 ca 
101 0 |a chi 
102 |a CN 
105 |a y j 000zy 
200 1 |a Введение в логику для студентов ВУЗов  |e учебное пособие для вузов  |f Чжанг Хонг 
210 |a Пекин  |c Национальное издательство  |d 2003 
215 |a 375 с. 
300 |a Книга на китайском языке 
606 1 |a Логика  |2 stltpush  |3 (RuTPU)RU\TPU\subj\40551  |9 60396 
610 1 |a логическое мышление 
610 1 |a умозаключения 
610 1 |a обобщение 
610 1 |a опровержения 
610 1 |a выводы 
610 1 |a учебные пособия 
686 |a Ю4я73  |v LBC/SL-A  |2 rubbk 
700 0 |a Чжанг Хонг 
801 1 |a RU  |b 63413507  |c 20110311 
801 2 |a RU  |b 63413507  |c 20220603  |g RCR 
942 |c BK